000 00529nam a2200205Ia 4500
003 GCL
008 140319s9999 xx 000 0 ara d
040 _aGCL /
_cGCL
082 0 4 _a816.07
_bغ ح
100 1 _aفهمى هويدى
245 1 0 _aحتى لا تكون فتنة /
_cفهمى هويدى
260 _a[S.N] :
_bدار الشروق ،
_c1992
300 _a303
490 _a
650 0 4 _aالاسلام
650 0 4 _aالرسائل
650 0 4 _aفتاوى
650 0 4 _aالعلمانية
942 _2ddc
_cBK
999 _c30167
_d30167